00452nam a2200157Ia 4500008004100000020001800041082001600059100002100075245007700096250000700173260004200180300002300222500001900245600001500264650001500279240925s9999 xx 000 0 und d a9789332546981 a658.076 KHA aKhattar, Dinesh. 4aThe Pearson Guide to Quantitative Apptitude for MBA Entrance Examination aNA aNew Delhi:bPearson Educationc,2015. a276p.b0fOriginal aIncludes Index aManagement aManagement